Los mayas : la tierra del faisán y del venado /

I tiakina i:
Ngā taipitopito rārangi puna kōrero
Kaituhi matua: Hagen, Victor Wolfgang von (autor)
Ētahi atu kaituhi: Beltrán, Alberto (ilustración) (ilustración), Villegas, Carlos (traducción) (traducción)
Hōputu: Pukapuka
Reo:Pāniora
I whakaputaina: México : Joaquín Mortiz, 1966-1968
Rangatū:(Culturas Básicas del Mundo)
Ngā marau:
Ngā Tūtohu: Tāpirihia he Tūtohu
Kāore He Tūtohu, Me noho koe te mea tuatahi ki te tūtohu i tēnei pūkete!

MARC

LEADER 00000nam^a2200000^a^4500
001 000014363
005 20250624000000.0
009 20260310083939.742
025 |a Donación Federico H. Wagner, 1 ejemplar 
037 |a Acervo ITESO - Biblioteca 
041 |a ESP 
082 |a 972. 01  |b HAG 
100 |a Hagen, Victor Wolfgang von  |e (autor) 
245 1 4 |a Los mayas :  |b la tierra del faisán y del venado /  |c V.W. von Hagen ; il. de A. Beltrán ; tr. por C. Villegas. 
264 1 |a México :  |b Joaquín Mortiz,  |c 1966-1968 
300 |a 125 p. 
336 |a texto  |b txt  |2 rdacontenido 
337 |a sin mediación  |b n  |2 rdamedio 
338 |a volumen  |b nc  |2 rdasoporte 
440 1 |a (Culturas Básicas del Mundo) 
500 |a Traducción de: Maya, Land of the Turkey and the Deer 
649 |a XX 
650 |a Mayas -  |x Historia -  |x Tema Principal 
650 |a Indígenas de México -  |x Historia 
650 |a Literatura e Historia 
650 |a Literatura Juvenil 
650 |a Yucatán (Península) -  |x Historia -  |y Epoca Prehispánica 
650 |a Yucatán (Península) -  |x Historia -  |y Descubrimiento y Conquista, 1517-1521 
650 |a México -  |x Historia -  |y Epoca Prehispánica 
650 |a México -  |x Historia -  |y Descubrimiento y Conquista, 1517-1521 
650 |a México -  |x Historia 
700 |a Beltrán, Alberto  |e (ilustración) 
700 |a Villegas, Carlos  |e (traducción) 
910 |a Fondo General 
920 |a Impresos - Libros 
930 |a Colección General 
905 |a 101 
901 |a 0500137967  |b IT1  |c ACC  |d DT  |i D  |u 20250624 
902 |a https://opac.biblio.iteso.mx/vufind/Record/000014363